00368 2200157 4500245003700000020001800037250001100055100001300066650001600079005001900095260004200114041001400156084000800170300002300178336000900201 aMetamorfosa OasecRetni SBhText a979-22-2115-8 aCet. 1 aRetni SB aNovel Fiksi a20230112072356 aJakartabGramedia Pustaka Utamac2006 aIndonesia a813 a248 hlm. :c20 cm. atext